| 000 | 00723nam a22002297a 4500 | ||
|---|---|---|---|
| 999 |
_c19821 _d19821 |
||
| 003 | AR-CdUCM | ||
| 008 | 190522b ||||| |||| 00| 0 spa d | ||
| 040 |
_aMUNICIPALIDAD PROVINCIAL DEL CUSCO _cBIBLIOTECA MUNICIPAL DEL CUSCO |
||
| 041 | _hfr | ||
| 082 |
_a150 / _bO59 |
||
| 100 |
_aOraison, Marc _92727 |
||
| 245 | _aEl azar y la vida / | ||
| 260 |
_aMadrid : _bEspasa calpe, _c1973. |
||
| 300 |
_a126 páginas ; _c23 cm. |
||
| 505 | _aContenido: Alegro -- Scherzo -- Alegro Vivace. | ||
| 650 |
_aPsicologia _91538 |
||
| 650 |
_aCiencias sociales _91096 |
||
| 650 |
_aRevolución científica _941450 |
||
| 700 |
_aPeral Dominguez, Victorio (traducción) _941451 |
||
| 942 |
_2ddc _cLIBROS |
||
| 945 |
_adavv _d2019-05-22 |
||